Les plus gros transferts du football - Saison 2016-2017 - Statistiques

Statistiques générales
  • Ce quiz a été pris 119 fois
  • Le résultat moyen est 8 sur 10
Statistiques - réponses
Montant de transfert (M €) Nationalité Venant de Allant à Joueur % Correct
105,00 France Juventus Turin Manchester United Paul Pogba
100%
41,20 Sénégal Southampton Liverpool Sadio Mané
90%
60,00 Brésil Chelsea Shanghai SIPG Oscar
88%
90,00 Argentine Napoli Juventus Turin Gonzalo Higuaín
87%
45,00 Suisse Bor. M'gladbach Arsenal Granit Xhaka
81%
56,00 Brésil Zenit S-Pb Shanghai SIPG Hulk
81%
42,00 Arménie Borussia Dortmund Manchester United Henrikh Mkhitaryan
67%
52,00 Allemagne FC Schalke 04 Manchester City Leroy Sané
67%
55,60 Angleterre FC Everton Manchester City John Stones
66%
44,78 Portugal Sporting CP Inter João Mário
31%
Aucun quiz correspondant
Distribution des résultats
% des personnes avec chaque résultat
Percentile par nombre de réponses
Votre historique - résultats
Vous n’avez pas pris ce quiz